000 00278nam a22001097a 4500
008 170119b xxu||||| |||| 00| 0 eng d
020 _a9781416054382
041 _aeng
080 _27TH
_a618.2
245 _aTHE ADMINISTRATIVE MEDICAL ASSISTANT
_cYOUNG-ADAMS, A.P
942 _2udc
_cBK
999 _c3181
_d3181